Election of 1808 Trivia - Statistics

General Stats
  • This quiz has been taken 24 times
  • The average score is 18 of 21
Answer Stats
Hint Answer % Correct
Victor James Madison
100%
Their party Democratic-Republican
94%
Their party Federalist
94%
Future US Presidents who ran for thenomination James Monroe
94%
John Quincy Adams
94%
Maryland
94%
States won by the loser Massachusetts
94%
State that awarded electoral votesto the victor's running mate New York
94%
Their home state Virginia
94%
Connecticut
89%
Delaware
89%
New Hampshire
89%
Closest state (4.8%) New Hampshire
89%
Rhode Island
89%
Their home state South Carolina
89%
Their running mate George Clinton
83%
Opponent Charles C Pickney
78%
State with the largest margin (96%) Kentucky
78%
States that awarded electoral votesto both candidates North Carolina
72%
Their running mate Rufus King
72%
Act that caused most of New Englandto vote for the opponent Embargo Act of 1807
56%
No matching quizzes found
Score Distribution
Percent of People with Each Score
Percentile by Number Answered
Your Score History
You have not taken this quiz